| 000 | 00341 a2200109 4500 | ||
|---|---|---|---|
| 001 | ART_6798 | ||
| 005 | 20260410161719.0 | ||
| 008 | 260409a | ||
| 245 | 1 | 0 | _aReflexiones sobre los objetivos de los Estados Contables |
| 100 | 1 | _aBiondi, Mario | |
| 773 | 0 |
_tContabilidad y auditoría _g- Año 4, Nº 7 (jun. 1998) _wREV1723 |
|
| 999 |
_c16811 _d16811 |
||